01450 a2200181 4500003000500000005001700005040000900022082001500031100002500046245002900071260002100100300001000121505096200131650002001093942001201113999001901125952012401144Nust20230529110024.0 cNust a808.83,HOP aHope Anthony9107570 aSimon DalecAnthony Hope aLondonbGeorge G a345:p aThe child of prophecy (Page-7), The way of youth (Page-19), The music of the world (Page-30), Cydaria revealed (Page-42), I am forbidden to forget (Page-54), An invitation to court (Page-68), What came of honesty (Page-82), Madness magic and moonshine (Page-96), Of gems and pebbles (Page-109), Je viens, tu viens, il vient (Page-124), The gentlemen from Calais (Page-138), The deference of his grace and duke (Page-153), The meed of curiosity (Page-168), The king’s cup (Page-184), M. De Perrencourt whispers (Page-198), M. De perrencourt wonders (Page-212), What befell my last guinea (Page-227), Some mighty silly business (Page-243), A night on the road (Page-258), The vicar’s proposition (Page-270), The strange comjuncture of two gentlemen (Page-282), The device of lord carford (Page-295), A pleasant penitence (Page-308(Page-), A comedy before the king (Page-323), The mind of M. De fontelles (Page-335), I come home (Page-347).  aA novel9107173 2ddccBK c186909d186909 00102ddc4070aMCSbMCScGENd2016-12-12o808.83,HOPpMCS29891r2016-12-08w2016-12-12yBKzAlmirah No.56, Shelf No.6